Countries With Multiple E’s - Statistics

General Stats
  • This quiz has been taken 20 times
  • The average score is 3 of 11
Answer Stats
Country % Correct
Eritrea
54%
Greece
54%
Venezuela
46%
Netherlands
31%
Liechtenstein
23%
New Zealand
23%
Yemen
23%
Seychelles
8%
Sierra Leone
8%
Belize
0%
Timor-Leste
0%
No matching quizzes found
Score Distribution
Percent of People with Each Score
Percentile by Number Answered
Your Score History
You have not taken this quiz